Henry helps with laundry / (Record no. 356269)
[ view plain ]
| 000 -LEADER | |
|---|---|
| fixed length control field | 00561nam a2200217Ia 4500 |
| 008 - FIXED-LENGTH DATA ELEMENTS--GENERAL INFORMATION | |
| fixed length control field | 180313s9999 xx 000 0 und d |
| 020 ## - INTERNATIONAL STANDARD BOOK NUMBER | |
| International Standard Book Number | 9789810949907 |
| 050 ## - LIBRARY OF CONGRESS CALL NUMBER | |
| Item number | ER B797 2012 |
| 100 ## - MAIN ENTRY--PERSONAL NAME | |
| Personal name | Bracken, Beth |
| 245 ## - TITLE STATEMENT | |
| Title | Henry helps with laundry / |
| 245 ## - TITLE STATEMENT | |
| Statement of responsibility, etc | by Beth Bracken ; illustrated by Ailie Busby. |
| 260 ## - PUBLICATION, DISTRIBUTION, ETC. (IMPRINT) | |
| Place of publication, distribution, etc | New York, New York : |
| 260 ## - PUBLICATION, DISTRIBUTION, ETC. (IMPRINT) | |
| Name of publisher, distributor, etc | Scholastic Inc., |
| 260 ## - PUBLICATION, DISTRIBUTION, ETC. (IMPRINT) | |
| Date of publication, distribution, etc | 2012 |
| 300 ## - PHYSICAL DESCRIPTION | |
| Extent | unpaged : |
| 300 ## - PHYSICAL DESCRIPTION | |
| Other physical details | colored illustrations ; |
| 300 ## - PHYSICAL DESCRIPTION | |
| Dimensions | 17cm. |
| 650 ## - SUBJECT ADDED ENTRY--TOPICAL TERM | |
| Topical term or geographic name as entry element | Laundry. |
| 700 ## - ADDED ENTRY--PERSONAL NAME | |
| Personal name | Busby, Ailie. |
| 700 ## - ADDED ENTRY--PERSONAL NAME | |
| Personal name | Title. |
| Withdrawn status | Lost status | Damaged status | Home library | Current library | Shelving location | Date acquired | Cost, normal purchase price | Total Checkouts | Full call number | Barcode | Date last seen | Price effective from | Koha item type |
|---|---|---|---|---|---|---|---|---|---|---|---|---|---|
| Stonyhurst Southville International School (Malarayat) | Stonyhurst Southville International School (Malarayat) | 03/13/2018 | 165.00 | B797 2012 | SSISM5505 | 03/13/2018 | 03/13/2018 | Books |